[Event "Santo Domingo op U2100"]
[Site "Santo Domingo"]
[Date "2015.02.07"]
[Round "2"]
[White "Fernandez, M Roberto"]
[Black "De la Cruz Severino, Yegeurys"]
[Result "0-1"]
[WhiteElo "1835"]
[BlackElo "2092"]
[PlyCount "68"]
[EventDate "2015.02.06"]
[EventType "swiss"]
[EventRounds "8"]
[EventCountry "DOM"]
[SourceTitle "CBM 164 Extra"]
[Source "ChessBase"]
[SourceDate "2015.03.02"]
[SourceVersion "1"]
[SourceVersionDate "2015.03.02"]
[SourceQuality "1"]

1. d4 Nf6 2. c4 g6 3. Nc3 d5 4. cxd5 Nxd5 5. e4 Nxc3 6. bxc3 Bg7 7. Nf3 0-0 8. Bc4 c6 9. a4 Qa5 10. Bd2 Qc7 11. Qb3 e6 12. 0-0 Nd7 13. a5 Nf6 14. Rfe1 Rb8 15. Qa4 b5 16. axb6 axb6 17. Bd3 Bb7 18. g3 Ra8 19. Qd1 Rxa1 20. Qxa1 Ra8 21. Qb2 Qd8 22. Be3 c5 23. Qb1 Ng4 24. h3 Nxe3 25. fxe3 cxd4 26. exd4 Qc7 27. Kg2 Qxc3 28. Rc1 Qa3 29. Kh1 Ba6 30. Rd1 Rc8 31. e5 Rc3 32. Ne1 Rb3 33. Qc2 Rb2 34. Qc6 Qa2 0-1

[Event "Santo Domingo op U2100"]
[Site "Santo Domingo"]
[Date "2015.02.06"]
[Round "1"]
[White "Benitez Pacheco, Alejandro"]
[Black "Fernandez, M Roberto"]
[Result "1-0"]
[WhiteElo "2092"]
[BlackElo "1835"]
[PlyCount "97"]
[EventDate "2015.02.06"]
[EventType "swiss"]
[EventRounds "8"]
[EventCountry "DOM"]
[SourceTitle "CBM 164 Extra"]
[Source "ChessBase"]
[SourceDate "2015.03.02"]
[SourceVersion "1"]
[SourceVersionDate "2015.03.02"]
[SourceQuality "1"]

1. e4 e6 2. d4 d5 3. Nd2 c5 4. exd5 Qxd5 5. Ngf3 cxd4 6. Bc4 Qc5 7. 0-0 Nc6 8. a3 Nf6 9. b4 Qd6 10. Nb3 Be7 11. Re1 0-0 12. b5 Nd8 13. a4 b6 14. Nbxd4 Bb7 15. Bd3 Rc8 16. Qe2 Nd5 17. Qe4 Nf6 18. Qh4 Bxf3 19. Nxf3 Qb4 20. Qh3 Qc5 21. Ba3 Qc7 22. Bb2 h6 23. Be5 Qc5 24. g4 Nh7 25. Qg3 Nb7 26. g5 Nxg5 27. Nxg5 hxg5 28. h4 Bd6 29. Qxg5 Bxe5 30. Rxe5 Qc3 31. Rae1 Nc5 32. Qg3 Nxd3 33. cxd3 Rc5 34. h5 Rfc8 35. h6 g6 36. Qf4 Rxe5 37. Rxe5 Re8 38. Re3 Qh8 39. d4 Rd8 40. Re5 Rd7 41. Kg2 Kh7 42. Re4 Qd8 43. f3 g5 44. Qe5 Qg8 45. Re1 Kg6 46. f4 f6 47. Qe4+ f5 48. Qc6 Rxd4 49. Rf1 1-0